Творцы математики (Запись № 5223783)

Подробности
000 -МАРКЕР
контрольное поле 01214nam0a22003131 4500
001 - ИДЕНТИФИКАТОР ЗАПИСИ
контрольное поле rc\2126309
005 - ИДЕНТИФИКАТОР ВЕРСИИ
контрольное поле 20110829171609.5
035 ## - ДРУГИЕ СИСТЕМНЫЕ НОМЕРА
Идентификатор записи (NLR Aleph) 006698942
100 ## - ДАННЫЕ ОБЩЕЙ ОБРАБОТКИ
Данные общей обработки 20110829d1979 |||y0rusy50 ca
101 1# - ЯЗЫК РЕСУРСА
Язык текста, звукозаписи и т.д. русский
Язык оригинала английский
102 ## - СТРАНА ПУБЛИКАЦИИ ИЛИ ПРОИЗВОДСТВА
Страна публикации Российская Федерация
105 ## - ПОЛЕ КОДИРОВАННЫХ ДАННЫХ: ТЕКСТОВЫЕ МАТЕРИАЛЫ, МОНОГРАФИЧЕСКИЕ
Кодированные данные о монографическом текстовом документе a z |||||
200 1# - ЗАГЛАВИЕ И СВЕДЕНИЯ ОБ ОТВЕТСТВЕННОСТИ
Основное заглавие Творцы математики
Сведения, относящиеся к заглавию Предшественники соврем. математики
-- Пособие для учителей
-- [Пер. с англ]
Первые сведения об ответственности Под ред. и с доп. С.Н. Киро
210 ## - ПУБЛИКАЦИЯ, РАСПРОСТРАНЕНИЕ И ДР.
Место издания, распространения и т.д. Москва
Имя издателя, распространителя и т. д. Просвещение
Дата издания, распространения и т.д. 1979
215 ## - ФИЗИЧЕСКАЯ ХАРАКТЕРИСТИКА
Специфическое обозначение материала и объем 254 с.
Другие сведения о физической характеристике ил.
Размеры 22
311 ## - ПРИМЕЧАНИЯ, ОТНОСЯЩИЕСЯ К ПОЛЯМ СВЯЗИ (ПРИМЕЧАНИЯ О СВЯЗИ С ДРУГИМИ ПРОИЗВЕДЕНИЯМИ (ИЗДАНИЯМИ))
Текст примечания Перевод. изд.: Men of mathematics / E.T. Bell (New York, 1937)
320 ## - ПРИМЕЧАНИЯ О НАЛИЧИИ В ДОКУМЕНТЕ БИБЛИОГРАФИИ / УКАЗАТЕЛЯ
Текст примечания Указ.: с. 247-251
454 #0 - ОРИГИНАЛ (ПЕРЕВОДА)
Встроенное поле 2001#$aMen of mathematics$fE.T. Bell
-- 210##$aNew York$d1937
-- 700#1$aBell$bE.T.
606 ## - НАИМЕНОВАНИЕ ТЕМЫ КАК ПРЕДМЕТ
Наименование темы Математическая наука
Тематический подзаголовок История
Код системы psbo
700 #1 - ИМЯ ЛИЦА - ПЕРВИЧНАЯ ОТВЕТСТВЕННОСТЬ
Начальный элемент ввода Белл
Часть имени, кроме начального элемента ввода Э. Т.
Даты 1883-1960
Расширение инициалов личного имени Эрик Темпл
702 #1 - ИМЯ ЛИЦА - ВТОРИЧНАЯ ОТВЕТСТВЕННОСТЬ
Начальный элемент ввода Киро
Часть имени, кроме начального элемента ввода С. Н.
Код отношения Прочие
801 #0 - ИСТОЧНИК ЗАПИСИ
Страна Российская Федерация
Организация NLR
Правила каталогизации psbo
801 #1 - ИСТОЧНИК ЗАПИСИ
Страна Российская Федерация
Организация ELAR
Источник данных rusmarc
852 ## - МЕСТОНАХОЖДЕНИЕ И ШИФР ХРАНЕНИЯ
Идентификатор организации NLR
Шифр хранения (Call Number) 80-5/634
899 ## - ДАННЫЕ О МЕСТОНАХОЖДЕНИИ (устаревшее)
Местонахождение RuMoRGB
Шифр хранения В 79-55/87
899 ## - ДАННЫЕ О МЕСТОНАХОЖДЕНИИ (устаревшее)
Местонахождение RuMoRGB
Шифр хранения В 79-55/357
942 ## - ДОПОЛНИТЕЛЬНЫЕ ЭЛЕМЕНТЫ ЗАПИСИ (АБИС)
Тип экземпляра АБИС Книга
980 ## - КОЛЛЕКЦИЯ
Название коллекции Национальная библиография
Экземпляры
Тип экземпляра Дата поступления Библиотека постоянного хранения Библиотека текущего хранения Место хранения Шифр хранения Штрих-код Статус экземпляра Источник поступления
Книга 26.10.2013 РНБ (Московский) РНБ (Московский) Русский книжный фонд: издания с 1957 года 80-5/634 1-345559    
Книга 26.02.2014 РНБ (Московский) РНБ (Московский) Фонд научного зала литературы по технике Нз В1г/Б-434 1-358016   Покупка
Книга 26.02.2015 РНБ (Фонтанка) РНБ (Фонтанка) Юношеский читальный зал Ю В1/Б-43 1-853969   Источник неизвестен